Statistiques concernant Les ministres de l'Intérieur de la Cinquième République

Cliquez ici pour prendre le quiz!

Statistiques générales

  • Ce quiz a été pris 158 fois
  • Le résultat moyen est 12 sur 32

Statistiques - réponses

HintRéponse% Correct
2020 - ....Gérald Darmanin
85%
2005 - Mars 2007Nicolas Sarkozy
85%
2002 - 2004Nicolas Sarkozy
85%
2012 - 2014Manuel Valls
78%
2014 - 2016Bernard Cazeneuve
75%
2018 - 2020Christophe Castaner
68%
Mars 1974 - Mai 1974Jacques Chirac
64%
1986 - 1988Charles Pasqua
58%
1993 - 1995Charles Pasqua
58%
Mai 2017 - 2018Gérard Collomb
54%
1995 - 1997Jean-Louis Debré
52%
2004 - 2005Dominique de Villepin
50%
2009 - 2011Brice Hortefeux
44%
Mai 2007 - 2009Michèle Alliot-Marie
43%
2011 - 2012Claude Guéant
37%
1997 - 2000Jean-Pierre Chevènement
36%
1984 - 1986Pierre Joxe
33%
1988 - 1991Pierre Joxe
33%
1981 - 1984Gaston Defferre
26%
2016 - Mars 2017Bruno Le Roux
25%
Mars 2007 - Mai 2007François Baroin
23%
Mars 2017 - Mai 2017Matthias Fekl
23%
2000 - 2002Daniel Vaillant
20%
Mai 1974 - 1977Michel Poniatowski
17%
1968 - Mars 1974Raymond Marcellin
14%
1992 - 1993Paul Quilès
12%
1991 - 1992Philippe Marchand
9%
1967 - 1968Christian Fouchet
8%
1961 - 1967Roger Frey
6%
1977 - 1981Christian Bonnet
5%
Janvier 1959 - mai 1959Jean Berthoin
2%
Mai 1959 - 1961Pierre Chatenet
2%

Distribution des résultats

Percentile par nombre de réponses

% des personnes avec chaque résultat

Votre développement - résultats

Vous n’avez pas pris ce quiz